Recopilacion de leyes bancarias, financieras y bursatiles/ (Registro nro. 8334)

Detalles MARC
000 -LEADER
fixed length control field 01550nam a2200205Ia 4500
005 - FECHA Y HORA DE LA ÚLTIMA TRANSACCIÓN
control field 20241207085232.0
008 - FIXED-LENGTH DATA ELEMENTS--GENERAL INFORMATION
fixed length control field 230609s9999 xx 000 0 und d
040 ## - CATALOGING SOURCE
Original cataloging agency UPAN
Transcribing agency Biblioteca San Vicente
Description conventions RCAA2
041 ## - LANGUAGE CODE
Language code of text/sound track or separate title spa
082 ## - DEWEY DECIMAL CLASSIFICATION NUMBER
Classification number 348.023
Item number M463r
año de publicación 2003
100 ## - MAIN ENTRY--PERSONAL NAME
Personal name Mendoza Orantes, Ricardo
Relator code aut.
245 #0 - TITLE STATEMENT
Title Recopilacion de leyes bancarias, financieras y bursatiles/
Remainder of title Lic. Ricardo Mendoza Orantes
250 ## - EDITION STATEMENT
Edition statement 5° ed.
260 ## - PUBLICATION, DISTRIBUTION, ETC. (IMPRINT)
Place of publication, distribution, etc El Salvador;
Name of publisher, distributor, etc Juridica Salvadoreña,
Date of publication, distribution, etc 2003
300 ## - PHYSICAL DESCRIPTION
Extent 459 p.:
Dimensions 25 cm.
505 ## - FORMATTED CONTENTS NOTE
Formatted contents note 1. Ley de saneamiento y fortalecimiento de bancos comerciales y asociaciones de ahorro y prestamos<br/>2. Ley orgánica de la superintendencia del sistema financiero<br/>3. Ley de privatización de los bancos comerciales y de las asociaciones de ahorro y préstamo<br/>4. Ley orgánica del Banco Central de Reserva de El Salvador<br/>5. Ley de bancos<br/>6. Ley de creación del Banco Multisectorial de inversiones<br/>7. Ley de intermediarios financieros no bancarios<br/>8. Ley del banco de Fomento Agropecuario <br/>9. Ley del Fondo Nacional de Vivienda Popular<br/>10. Ley orgánica de la Superintendencia de valores<br/>11. Ley del mercado de valores<br/>12. Reglamento de la Ley del mercado de valores<br/>13. Ley de anotaciones electrónicas de valores en cuenta´<br/>14. Ley de sociedades de seguros<br/>15. Reglamento de la ley de sociedades de seguros<br/>16. Ley de integración monetaria<br/>17. Ley de arrendamiento financiero<br/>18. Índice
650 ## - SUBJECT ADDED ENTRY--TOPICAL TERM
Source of heading or term LEMB
Topical term or geographic name as entry element Bancos centrales- legislación
650 ## - SUBJECT ADDED ENTRY--TOPICAL TERM
Source of heading or term LEMB
Topical term or geographic name as entry element Derecho bancario
942 ## - ADDED ENTRY ELEMENTS (KOHA)
Koha item type Libros
Source of classification or shelving scheme Dewey Decimal Classification
Existencias
Withdrawn status Lost status Source of classification or shelving scheme Damaged status Not for loan Collection code Home library Current library Date acquired Total Checkouts Full call number Barcode Date last seen Copy number Price effective from Koha item type
    Dewey Decimal Classification     Colección General Biblioteca UPAN San Vicente Biblioteca UPAN San Vicente 09/06/2023   348.023 M463r 12000990 09/06/2023 01 09/06/2023 Libros